[Event "Heusenstamm Schloss op"]
[Site "Heusenstamm"]
[Date "2023.11.25"]
[Round "5"]
[White "Thomas, Tobias"]
[Black "Senatov, Boris"]
[Result "1-0"]
[WhiteElo "1923"]
[BlackElo "1822"]
[PlyCount "53"]
[EventDate "2023.11.23"]
[EventType "swiss"]
[EventRounds "7"]
[EventCountry "GER"]
[SourceTitle "CB50_2023"]
[SourceDate "2023.12.13"]
[SourceVersion "1"]
[SourceVersionDate "2023.12.13"]
[SourceQuality "1"]

1. e4 c5 2. Nf3 d6 3. Bb5+ Nd7 4. c3 a6 5. Ba4 b5 6. Bc2 Bb7 7. 0-0 e5 8. d4 Ngf6 9. Qe2 Be7 10. Rd1 Qc7 11. d5 0-0 12. a4 c4 13. Na3 Rfb8 14. axb5 Bc8 15. Qxc4 Qxc4 16. Nxc4 axb5 17. Rxa8 Rxa8 18. Na3 Rb8 19. b4 Ba6 20. Bd2 Rc8 21. Bd3 Nb6 22. Re1 Nc4 23. Nxc4 bxc4 24. Bc2 Bb7 25. Ra1 Ra8 26. Rxa8+ Bxa8 27. Bg5 1-0

[Event "Untergrombach op 37th"]
[Site "Untergrombach"]
[Date "2020.01.05"]
[Round "6"]
[White "Zimmer, Rolf"]
[Black "Thomas, Tobias"]
[Result "1-0"]
[WhiteElo "2091"]
[BlackElo "1940"]
[PlyCount "65"]
[EventDate "2020.01.02"]
[EventType "swiss"]
[EventRounds "7"]
[EventCountry "GER"]
[SourceTitle "CBM 194 Extra"]
[Source "ChessBase"]
[SourceDate "2020.03.31"]
[SourceVersion "1"]
[SourceVersionDate "2020.03.31"]
[SourceQuality "1"]

1. e4 c5 2. d3 Nc6 3. f4 e6 4. Nf3 d5 5. Be2 Nf6 6. e5 Nd7 7. 0-0 Be7 8. c3 b5 9. d4 Qb6 10. Na3 cxd4 11. cxd4 Ba6 12. Nc2 Na5 13. b3 0-0 14. Kh1 b4 15. Bd2 Nc6 16. Be3 Bxe2 17. Qxe2 a5 18. g4 Rfc8 19. f5 Qa6 20. Qd2 exf5 21. gxf5 f6 22. e6 Nb6 23. Rf2 Ra7 24. Rg1 Bf8 25. Rfg2 a4 26. Nce1 axb3 27. axb3 Qa3 28. Ne5 Ne7 29. Qf2 Nxf5 30. Qxf5 fxe5 31. dxe5 Qa6 32. Bxb6 Qxb6 33. e7 1-0

[Event "Rhein Main op-A 22nd"]
[Site "Bad Homburg"]
[Date "2019.06.20"]
[Round "2"]
[White "Haubt, Georg"]
[Black "Thomas, Tobias"]
[Result "0-1"]
[WhiteElo "2146"]
[BlackElo "1942"]
[PlyCount "84"]
[EventDate "2019.06.19"]
[EventType "swiss"]
[EventRounds "9"]
[EventCountry "GER"]
[SourceTitle "EXT 2020"]
[Source "ChessBase"]
[SourceDate "2019.10.17"]
[SourceVersion "1"]
[SourceVersionDate "2019.10.17"]
[SourceQuality "1"]

1. d4 Nf6 2. Bg5 d5 3. e3 c5 4. Nc3 e6 5. Nf3 Nc6 6. Be2 Be7 7. 0-0 0-0 8. dxc5 Nd7 9. Bxe7 Qxe7 10. e4 dxe4 11. Nxe4 Nxc5 12. Ned2 Rd8 13. c3 b6 14. Qc2 Bb7 15. a4 Rac8 16. Nc4 Na5 17. Ncd2 Nc6 18. Rfd1 e5 19. Nc4 e4 20. Ne1 Ne5 21. Ne3 Qg5 22. Rxd8+ Rxd8 23. Rd1 Ne6 24. Nc4 Nf3+ 25. Kh1 Nxe1 26. Rxe1 Nf4 27. Ne3 Nd3 28. Bxd3 exd3 29. Qb3 Re8 30. Rg1 Qf4 31. Qb5 Rd8 32. Qc4 Qxf2 33. Qc7 Re8 34. Qxb7 Qxe3 35. Rf1 f6 36. h3 d2 37. Qd5+ Kh8 38. Qd7 h6 39. Kh2 Qe5+ 40. Kh1 Qe1 41. Kh2 Qxf1 42. Qxe8+ Kh7 0-1

[Event "Rhein Main op-A 22nd"]
[Site "Bad Homburg"]
[Date "2019.06.19"]
[Round "1"]
[White "Thomas, Tobias"]
[Black "Korolev, Alexandr"]
[Result "0-1"]
[WhiteElo "1942"]
[BlackElo "2143"]
[PlyCount "78"]
[EventDate "2019.06.19"]
[EventType "swiss"]
[EventRounds "9"]
[EventCountry "GER"]
[SourceTitle "EXT 2020"]
[Source "ChessBase"]
[SourceDate "2019.10.17"]
[SourceVersion "1"]
[SourceVersionDate "2019.10.17"]
[SourceQuality "1"]

1. c4 e5 2. g3 Nf6 3. Bg2 Nc6 4. Nc3 Bb4 5. Nd5 Bc5 6. e3 0-0 7. Ne2 Re8 8. 0-0 Bf8 9. Nec3 d6 10. b4 a5 11. Nxf6+ Qxf6 12. Nd5 Qd8 13. b5 Ne7 14. Qc2 c5 15. Bb2 Be6 16. Nxe7+ Qxe7 17. Rac1 g6 18. d4 cxd4 19. exd4 Rac8 20. Qb3 Bh6 21. f4 exf4 22. gxf4 b6 23. Kh1 Bf5 24. Bc3 Qh4 25. Bd2 Re2 26. Be1 Qe7 27. Bg3 Bg7 28. Rfe1 Re8 29. Qc3 Qf6 30. Rxe2 Rxe2 31. Rd1 Qe6 32. d5 Be4 33. Qxg7+ Kxg7 34. dxe6 Rxg2 35. Re1 Bb7 36. h4 Rxg3+ 37. Kh2 Rg2+ 38. Kh3 fxe6 39. Rxe6 Bc8 0-1

[Event "Heusenstamm Sparkassen op-A 5th"]
[Site "Heusenstamm"]
[Date "2018.11.25"]
[Round "7"]
[White "Thomas, Tobias"]
[Black "Rabiya, Karim"]
[Result "1-0"]
[WhiteElo "1913"]
[BlackElo "1754"]
[PlyCount "83"]
[EventDate "2018.11.22"]
[EventType "swiss"]
[EventRounds "7"]
[EventCountry "GER"]
[SourceTitle "CBM 188 Extra"]
[Source "ChessBase"]
[SourceDate "2019.02.26"]
[SourceVersion "1"]
[SourceVersionDate "2019.02.26"]
[SourceQuality "1"]

1. c4 Nf6 2. g3 c5 3. Bg2 g6 4. Nc3 Bg7 5. Nf3 Nc6 6. 0-0 0-0 7. d3 d6 8. a3 a6 9. Rb1 Nd4 10. b4 Rb8 11. Bd2 Bg4 12. Nxd4 cxd4 13. Na2 b5 14. cxb5 axb5 15. Nc1 Be6 16. e4 d5 17. Nb3 dxe4 18. dxe4 Bc4 19. Re1 e5 20. Na5 Qb6 21. Bf1 Rfc8 22. Rc1 Qe6 23. Bg2 Nd7 24. h4 Bf8 25. Kh2 f5 26. Bh3 Bd6 27. exf5 gxf5 28. Qh5 Rf8 29. Nc6 Qg6 30. Qxg6+ hxg6 31. Nxb8 Bxb8 32. a4 e4 33. Bf1 Ne5 34. Kg2 d3 35. axb5 Ba7 36. Red1 Bb3 37. Bf4 Nc4 38. Bxd3 exd3 39. Rxd3 Ba4 40. Ra1 Bxb5 41. Rxa7 Ne3+ 42. Rxe3 1-0

[Event "Heusenstamm Sparkassen op-A 5th"]
[Site "Heusenstamm"]
[Date "2018.11.22"]
[Round "1"]
[White "Siddharth, Jagadeesh"]
[Black "Thomas, Tobias"]
[Result "1-0"]
[WhiteElo "2215"]
[BlackElo "1913"]
[PlyCount "43"]
[EventDate "2018.11.22"]
[EventType "swiss"]
[EventRounds "7"]
[EventCountry "GER"]
[SourceTitle "CBM 188 Extra"]
[Source "ChessBase"]
[SourceDate "2019.02.26"]
[SourceVersion "1"]
[SourceVersionDate "2019.02.26"]
[SourceQuality "1"]

1. d4 d5 2. c4 Nc6 3. Nf3 Bg4 4. e3 e5 5. cxd5 Qxd5 6. Nc3 Bb4 7. Be2 exd4 8. 0-0 Bxc3 9. bxc3 d3 10. Qxd3 Bxf3 11. gxf3 Qxd3 12. Bxd3 0-0-0 13. Be2 Nge7 14. e4 Rhe8 15. Be3 f5 16. Kh1 Ng6 17. exf5 Nge7 18. Bc4 Nxf5 19. Bg5 Rd7 20. Rfe1 Ne5 21. f4 h6 22. Rxe5 1-0

[Event "Eschborn op"]
[Site "Eschborn"]
[Date "2018.10.06"]
[Round "4"]
[White "Hahn, Florian"]
[Black "Thomas, Tobias"]
[Result "1/2-1/2"]
[WhiteElo "2103"]
[BlackElo "1839"]
[PlyCount "65"]
[EventDate "2018.10.05"]
[EventType "swiss"]
[EventRounds "5"]
[EventCountry "GER"]
[SourceTitle "CBM 187 Extra"]
[Source "ChessBase"]
[SourceDate "2018.11.04"]
[SourceVersion "1"]
[SourceVersionDate "2018.11.04"]
[SourceQuality "1"]

1. Nf3 c5 2. c4 Nc6 3. g3 g6 4. Bg2 Bg7 5. Nc3 Nf6 6. 0-0 0-0 7. d4 cxd4 8. Nxd4 Nxd4 9. Qxd4 d6 10. Qd2 Rb8 11. b3 Bd7 12. Bb2 Bc6 13. e4 a6 14. Rfe1 Qa5 15. Rad1 Rfd8 16. Nd5 Qxd2 17. Rxd2 Bxd5 18. exd5 Rd7 19. Bh3 Rc7 20. Bd4 b5 21. c5 Bh6 22. cxd6 exd6 23. f4 Nxd5 24. Bf2 Nc3 25. Rxd6 Nxa2 26. Rxa6 Nc1 27. Rb6 Rxb6 28. Bxb6 Rc6 29. Re8+ Bf8 30. Be3 Nxb3 31. f5 gxf5 32. Bxf5 Kg7 33. Bd7 1/2-1/2

[Event "Rhein Main op-A 21st"]
[Site "Bad Homburg"]
[Date "2018.06.03"]
[Round "7"]
[White "Thomas, Tobias"]
[Black "Brendel, Bergit"]
[Result "1/2-1/2"]
[WhiteElo "1885"]
[BlackElo "2000"]
[PlyCount "33"]
[EventDate "2018.05.30"]
[EventType "swiss"]
[EventRounds "7"]
[EventCountry "GER"]
[SourceTitle "EXT 2019"]
[Source "ChessBase"]
[SourceDate "2018.10.10"]
[SourceVersion "1"]
[SourceVersionDate "2018.10.10"]
[SourceQuality "1"]

1. c4 g6 2. g3 Bg7 3. Bg2 d6 4. Nc3 e5 5. Rb1 Ne7 6. d3 0-0 7. e3 c5 8. Nge2 Nbc6 9. a3 Be6 10. Nd5 Qd7 11. 0-0 Bxd5 12. cxd5 Nd8 13. b4 Rc8 14. Bd2 b6 15. Qb3 Nb7 16. Rfc1 h5 17. Rc2 1/2-1/2

[Event "Heusenstamm Sparkassen op-A 4th"]
[Site "Heusenstamm"]
[Date "2017.11.26"]
[Round "6"]
[White "Seehaus, Bernhard"]
[Black "Thomas, Tobias"]
[Result "1/2-1/2"]
[WhiteElo "2008"]
[BlackElo "1879"]
[PlyCount "79"]
[EventDate "2017.11.23"]
[EventType "swiss"]
[EventRounds "7"]
[EventCountry "GER"]
[SourceTitle "EXT 2019"]
[Source "ChessBase"]
[SourceDate "2018.10.10"]
[SourceVersion "1"]
[SourceVersionDate "2018.10.10"]
[SourceQuality "1"]

1. d3 Nf6 2. c3 g6 3. e4 d6 4. f4 e5 5. Nf3 Nbd7 6. Be2 Bg7 7. 0-0 0-0 8. Na3 c6 9. fxe5 dxe5 10. Nc2 Re8 11. Kh1 h6 12. Be3 Qc7 13. Qe1 Nf8 14. Qh4 g5 15. Qe1 Ng6 16. Ng1 Be6 17. g3 c5 18. b3 b5 19. Bf3 Red8 20. Rd1 Rac8 21. Qe2 Qa5 22. d4 cxd4 23. cxd4 Qxa2 24. Rd2 Qxb3 25. d5 Bd7 26. Bxa7 Qc4 27. Bb6 Re8 28. Rfd1 Qxe2 29. Nxe2 Rc4 30. Ne3 Ra4 31. Nf5 Ne7 32. Nd6 Rea8 33. Bc5 Nc8 34. Nc3 Nxd6 35. Nxa4 Ndxe4 36. Bxe4 Nxe4 37. Nb6 Nxd2 38. Nxa8 Ne4 39. Be3 Kf8 40. d6 1/2-1/2

[Event "Heusenstamm Sparkassen op-A 4th"]
[Site "Heusenstamm"]
[Date "2017.11.25"]
[Round "5"]
[White "Thomas, Tobias"]
[Black "Schmitt, Clemens"]
[Result "1-0"]
[WhiteElo "1879"]
[BlackElo "1713"]
[PlyCount "49"]
[EventDate "2017.11.23"]
[EventType "swiss"]
[EventRounds "7"]
[EventCountry "GER"]
[SourceTitle "EXT 2019"]
[Source "ChessBase"]
[SourceDate "2018.10.10"]
[SourceVersion "1"]
[SourceVersionDate "2018.10.10"]
[SourceQuality "1"]

1. d4 Nf6 2. Nf3 g6 3. Nc3 d5 4. Bf4 Bg7 5. e3 0-0 6. Be2 e6 7. Ne5 c5 8. Qd2 cxd4 9. exd4 a6 10. h4 Nfd7 11. Nf3 f6 12. 0-0-0 Nc6 13. g4 b5 14. Rdg1 Bb7 15. g5 f5 16. h5 Kf7 17. Nh4 Bxd4 18. Nf3 Rg8 19. Nxd4 e5 20. hxg6+ hxg6 21. Nxf5 gxf5 22. Qxd5+ Kf8 23. Rh7 Qe8 24. Bh5 Nd8 25. Qd6+ 1-0

[Event "Heusenstamm Sparkassen op-A 4th"]
[Site "Heusenstamm"]
[Date "2017.11.24"]
[Round "2"]
[White "Merkel, Markus"]
[Black "Thomas, Tobias"]
[Result "1-0"]
[WhiteElo "2121"]
[BlackElo "1879"]
[PlyCount "93"]
[EventDate "2017.11.23"]
[EventType "swiss"]
[EventRounds "7"]
[EventCountry "GER"]
[SourceTitle "EXT 2019"]
[Source "ChessBase"]
[SourceDate "2018.10.10"]
[SourceVersion "1"]
[SourceVersionDate "2018.10.10"]
[SourceQuality "1"]

1. Nf3 Nc6 2. c4 e5 3. Nc3 f5 4. d3 Nf6 5. e3 g6 6. Be2 Bg7 7. 0-0 0-0 8. Rb1 d6 9. b4 Kh8 10. Qc2 Be6 11. a4 Ne7 12. Rd1 Nd7 13. Bf1 d5 14. cxd5 Nxd5 15. Nxd5 Bxd5 16. e4 Bg8 17. Bb2 Rc8 18. d4 Qe7 19. dxe5 Nxe5 20. Nxe5 Bxe5 21. Rd7 Qf6 22. Bxe5 Qxe5 23. f4 Qe6 24. Rxc7 Rxc7 25. Qxc7 fxe4 26. Rd1 Qf7 27. Qc3+ Qf6 28. Qxf6+ Rxf6 29. Rd8 Kg7 30. Rd7+ Rf7 31. Rxf7+ Bxf7 32. Kf2 Kf6 33. g4 Bb3 34. a5 Ke6 35. Ke3 Kd5 36. Bg2 Bc2 37. Ke2 Bd3+ 38. Ke3 Bb5 39. g5 b6 40. axb6 axb6 41. h4 Be8 42. Bf1 b5 43. Be2 Bd7 44. Bd1 Kd6 45. Kd4 Bf5 46. Be2 Kc6 47. Bf1 1-0

[Event "Berlin Lichtenberger op 16th"]
[Site "Berlin"]
[Date "2017.08.21"]
[Round "3"]
[White "Thomas, Tobias"]
[Black "Fontaine, Constantin"]
[Result "1-0"]
[WhiteElo "1877"]
[BlackElo "1519"]
[PlyCount "55"]
[EventDate "2017.08.19"]
[EventType "swiss"]
[EventRounds "9"]
[EventCountry "GER"]
[SourceTitle "CBM 180 Extra"]
[Source "ChessBase"]
[SourceDate "2017.10.06"]
[SourceVersion "1"]
[SourceVersionDate "2017.10.06"]
[SourceQuality "1"]

1. e4 g6 2. d4 Bg7 3. Nc3 d6 4. Be3 Nf6 5. f3 0-0 6. Qd2 e5 7. Nge2 exd4 8. Nxd4 Nc6 9. 0-0-0 Nxd4 10. Bxd4 c5 11. Be3 Qa5 12. Qxd6 Be6 13. Qxc5 Qxc5 14. Bxc5 Rfc8 15. Bd4 a5 16. Bb5 Rc7 17. Rd3 Bh6+ 18. Kb1 Nh5 19. g3 f5 20. Rhd1 fxe4 21. Nxe4 Rac8 22. Bc3 Bg7 23. Rd8+ Rxd8 24. Rxd8+ Kf7 25. Bxa5 Bxa2+ 26. Kxa2 Rxc2 27. Rd2 Rc8 28. Nd6+ 1-0

[Event "Rhein Main op-A 20th"]
[Site "Bad Homburg"]
[Date "2017.06.17"]
[Round "5"]
[White "Bahlo, Jens"]
[Black "Thomas, Tobias"]
[Result "1/2-1/2"]
[WhiteElo "2017"]
[BlackElo "1874"]
[PlyCount "82"]
[EventDate "2017.06.14"]
[EventType "swiss"]
[EventRounds "7"]
[EventCountry "GER"]
[SourceTitle "EXT 2018"]
[Source "ChessBase"]
[SourceDate "2017.10.13"]
[SourceVersion "1"]
[SourceVersionDate "2017.10.13"]
[SourceQuality "1"]

1. Nc3 Nf6 2. g3 g6 3. Bg2 Bg7 4. d3 0-0 5. Nf3 d6 6. 0-0 Nc6 7. e4 e5 8. h3 Bd7 9. Be3 Ne8 10. Qd2 f5 11. Nd5 Nf6 12. Bg5 fxe4 13. Bxf6 Bxf6 14. dxe4 Bg7 15. h4 Ne7 16. Rad1 Bg4 17. Ng5 h6 18. f3 Bd7 19. Nh3 Nc8 20. Kh2 c6 21. Ne3 Be6 22. Nf2 Qe7 23. Qd3 Rd8 24. Bh3 Nb6 25. Bxe6+ Qxe6 26. c4 Rd7 27. Qb3 Rad8 28. Rd3 Kh7 29. Rfd1 Bf8 30. a4 Qf7 31. Kg2 Be7 32. a5 Rf8 33. Nf5 gxf5 34. axb6 axb6 35. exf5 Qxf5 36. Ne4 Rfd8 37. Qxb6 Qe6 38. Qb3 Kg7 39. Qa2 Kf8 40. b3 Ke8 41. b4 b5 1/2-1/2

[Event "Rhein Main op-A 20th"]
[Site "Bad Homburg"]
[Date "2017.06.15"]
[Round "3"]
[White "Kolthoff, Siegmund"]
[Black "Thomas, Tobias"]
[Result "1/2-1/2"]
[WhiteElo "2033"]
[BlackElo "1874"]
[PlyCount "58"]
[EventDate "2017.06.14"]
[EventType "swiss"]
[EventRounds "7"]
[EventCountry "GER"]
[SourceTitle "EXT 2018"]
[Source "ChessBase"]
[SourceDate "2017.10.13"]
[SourceVersion "1"]
[SourceVersionDate "2017.10.13"]
[SourceQuality "1"]

1. Nf3 d5 2. d4 Nc6 3. Bf4 Bg4 4. e3 e6 5. c4 Bb4+ 6. Nc3 Nf6 7. Rc1 Qe7 8. cxd5 Nxd5 9. Bg3 a6 10. Be2 0-0 11. 0-0 Bxc3 12. bxc3 Rfd8 13. e4 Nb6 14. Bh4 f6 15. Qc2 Qf7 16. h3 Bh5 17. Rfd1 Rd7 18. g4 Bg6 19. Bg3 Rad8 20. Nh4 Ne7 21. Nxg6 Qxg6 22. Re1 Qf7 23. Qb3 Nc6 24. Bxc7 Rxc7 25. Qxb6 Rdc8 26. Rb1 Qg6 27. f3 Qh6 28. Kg2 Qd2 29. Qb3 Nd8 1/2-1/2

[Event "Heusenstamm Sparkassen op-A 3rd"]
[Site "Heusenstamm"]
[Date "2016.11.27"]
[Round "4"]
[White "Martin, Reiner"]
[Black "Thomas, Tobias"]
[Result "0-1"]
[WhiteElo "2014"]
[BlackElo "1842"]
[PlyCount "66"]
[EventDate "2016.11.24"]
[EventType "swiss"]
[EventRounds "7"]
[EventCountry "GER"]
[SourceTitle "EXT 2018"]
[Source "ChessBase"]
[SourceDate "2017.10.13"]
[SourceVersion "1"]
[SourceVersionDate "2017.10.13"]
[SourceQuality "1"]

1. Nf3 Nc6 2. d4 d5 3. g3 Bg4 4. Bg2 Nf6 5. b3 e6 6. 0-0 Bd6 7. Bb2 0-0 8. Nbd2 Ne7 9. c4 c6 10. Re1 Bb4 11. a3 Ba5 12. b4 Bb6 13. Ne5 Bh5 14. h3 dxc4 15. Ndxc4 Ned5 16. Nxb6 Nxb6 17. g4 Bg6 18. Nxg6 hxg6 19. Qb3 Nfd5 20. e3 Qe7 21. b5 Rac8 22. Rec1 f5 23. bxc6 bxc6 24. a4 Qh4 25. gxf5 Rxf5 26. Rc2 Rg5 27. Kf1 Rf8 28. f3 Qg3 29. Rf2 Qh2 30. f4 Qg3 31. Re1 Nxf4 32. Qa3 Nc4 33. exf4 Nxa3 0-1

[Event "Heusenstamm Sparkassen op-A 3rd"]
[Site "Heusenstamm"]
[Date "2016.11.27"]
[Round "5"]
[White "Thomas, Tobias"]
[Black "Held, Carsten"]
[Result "0-1"]
[WhiteElo "1842"]
[BlackElo "2046"]
[PlyCount "58"]
[EventDate "2016.11.24"]
[EventType "swiss"]
[EventRounds "7"]
[EventCountry "GER"]
[SourceTitle "EXT 2018"]
[Source "ChessBase"]
[SourceDate "2017.10.13"]
[SourceVersion "1"]
[SourceVersionDate "2017.10.13"]
[SourceQuality "1"]

1. e4 c5 2. Nc3 Nc6 3. f4 g6 4. Nf3 Bg7 5. Bc4 e6 6. 0-0 Nge7 7. d3 0-0 8. Qe1 d5 9. Bb3 Na5 10. Ng5 c4 11. Ba4 a6 12. b4 cxb3 13. Bxb3 dxe4 14. Ngxe4 Nxb3 15. axb3 Bd7 16. Bd2 Bc6 17. Rc1 Rc8 18. Ne2 Nf5 19. Kh1 Qc7 20. Bc3 Bxe4 21. Bxg7 Bxg2+ 22. Kxg2 Kxg7 23. Ng3 Nd4 24. Rf2 Rfd8 25. Qe3 Qc6+ 26. Kh3 Qc5 27. Rg1 Nxb3 28. Qe1 Nd4 29. c3 Nc6 0-1